Indre ou Indre-et-Loire ? - Statistiques

Statistiques générales
  • Ce quiz a été pris 97 fois
  • Le résultat moyen est 28 sur 40
Statistiques - réponses
Hint Réponse % Correct
A pour préfecture Tours Indre-et-Loire
98%
Ses sous-préfectures sont Le Blanc, La Châtre et Issoudun Indre
95%
Porte le numéro 36 Indre
92%
Porte le numéro 37 Indre-et-Loire
91%
A pour préfecture Châteauroux Indre
89%
On peut y visiter l'abbaye de Déols Indre
88%
C'est le département natal de François Rabelais Indre-et-Loire
88%
Ses sous-préfectures sont Chinon et Loches Indre-et-Loire
87%
La région du Chinonais s'y trouve Indre-et-Loire
86%
Richelieu, ville nouvelle en son temps, s'y trouve Indre-et-Loire
85%
Le barrage d'Eguzon s'y trouve Indre
84%
Compte 612 119 d'habitants en 2020 Indre-et-Loire
84%
La Brenne s'y trouve Indre
80%
Sa préfecture est jumelée avec Fresno aux Etats-Unis Indre
80%
On y produit du vin à Valençay Indre
78%
On peut y visiter le château de Villandry Indre-et-Loire
78%
George Sand y est morte Indre
76%
Son blason porte un semis de fleurs de lys Indre-et-Loire
76%
Jean Royer a longtemps été maire de sa préfecture Indre-et-Loire
71%
S'y trouve le centre d'émission pour les sous-marins Indre
68%
On peut y visiter le musée de la Chemiserie et de l'Elégance masculine Indre
68%
Michel Debré en a été sénateur Indre-et-Loire
67%
On peut y visiter le musée Balzac Indre-et-Loire
65%
Aliénor d'Aquitaine y est née Indre-et-Loire
62%
En 2022, il a connu 2188 heures d'ensoleillement Indre-et-Loire
62%
Compte 218 707 habitants en 2020 Indre
59%
Il culmine à 467 mètres Indre
59%
En 2022, il a connu 2178 heures d'ensoleillement Indre
58%
La Madelon y coule Indre-et-Loire
58%
Le logo du département porte un émouchet Indre
56%
Il culmine à 187 mètres Indre-et-Loire
56%
Le Ringoire y coule Indre
55%
Vuitton y possède des ateliers Indre
55%
Sitram est installé dans le département Indre
54%
Sa préfecture est jumelée avec Parme Indre-et-Loire
54%
Sa superficie est de 6127 km2 Indre-et-Loire
51%
Le footballeur Bernard Lama y est né Indre-et-Loire
49%
Sa superficie est de 6791 km2 Indre
48%
Le festival Manse Classic mon fort s'y déroule en août Indre-et-Loire
48%
Le festival Kave Fest s'y déroule en juillet Indre
45%
Aucun quiz correspondant
Distribution des résultats
% des personnes avec chaque résultat
Percentile par nombre de réponses
Votre historique - résultats
Vous n’avez pas pris ce quiz